Statistics for Every Chicago Bulls first round pick since 2000 (KOT4Q)

Click here to take the quiz!

General Stats

  • This quiz has been taken 93 times
  • The average score is 6 of 18

Answer Stats

YearAnswer% Correct
2008-1Derrick Rose
95%
2011-30Jimmy Butler
77%
2007-9Joakim Noah
73%
2004-7Luol Deng
49%
2003-7Kirk Hinrich
40%
2017-7Lauri Markkanen
37%
2004-3Ben Gordon
33%
2016-14Denzel Valentine
33%
2006-4Tyrus Thomas
29%
2015-22Bobby Portis
26%
2014-11Doug McDermott
24%
2001-4Eddy Curry
24%
2002-2Jay Williams
21%
2013-20Tony Snell
19%
2000-4Marcus Fizer
14%
2012-29Marquis Teague
12%
2009-16James Johnson
11%
2010-17Kevin Seraphin
2%

Score Distribution

Percentile by Number Answered

Percent of People with Each Score

Your Score History

You have not taken this quiz